Geography Quiz

Random Geography or City Quiz
Score 0/15 Timer 07:00
0 Plays Today
Hint Answer % Correct
Albuquerque
98.6%
Santa Fe
97.2%
Las Cruces
95.1%
Roswell
86%
Rio Rancho
78.3%
Farmington
76.2%
Hobbs
69.9%
Clovis
69.2%
Hint Answer % Correct
Carlsbad
68.5%
Gallup
66.4%
Alamogordo
65.7%
Deming
58%
Los Alamos
47.6%
Los Lunas
46.2%
Chaparral
23.8%
Remove Ads.
Support Sporcle.
Get the best of Sporcle when you Go Orange. This ad-free experience offers more features, more stats, and more fun while also helping to support Sporcle. Thank you for becoming a member.

You're not logged in!

Compare scores with friends on all Sporcle quizzes.
OR
Log In

Show Comments

Extras

Created Oct 29, 2013ReportNominate
Tags:City Quiz, Mexico, New Mexico

Top Quizzes Today


Score Distribution

Your Account Isn't Verified!

In order to create a playlist on Sporcle, you need to verify the email address you used during registration. Go to your Sporcle Settings to finish the process.

Report this User

Report this user for behavior that violates our Community Guidelines.

Details: